<?xml version="1.0" encoding="UTF-8"?>
<record
    xmlns:xsi="http://www.w3.org/2001/XMLSchema-instance"
    xsi:schemaLocation="http://www.loc.gov/MARC21/slim http://www.loc.gov/standards/marcxml/schema/MARC21slim.xsd"
    xmlns="http://www.loc.gov/MARC21/slim">

  <leader>00804nam a2200217 i 4500</leader>
  <controlfield tag="001">19787</controlfield>
  <controlfield tag="003">ES-MaACL</controlfield>
  <controlfield tag="005">20230906152151.0</controlfield>
  <controlfield tag="007">t|</controlfield>
  <controlfield tag="008">021015s1921    sp           ||||1| spa d</controlfield>
  <datafield tag="100" ind1="1" ind2=" ">
    <subfield code="a">&#xC1;lvarez Quintero, Seraf&#xED;n,</subfield>
    <subfield code="d">1871-1938</subfield>
    <subfield code="9">226443</subfield>
  </datafield>
  <datafield tag="245" ind1="1" ind2="4">
    <subfield code="a">Los p&#xE1;piros : </subfield>
    <subfield code="b">zarzuela c&#xF3;mica en tres actos / </subfield>
    <subfield code="c">Seraf&#xED;n y Joaqu&#xED;n &#xC1;lvarez Quintero ; m&#xFA;sica de Pablo Luna.</subfield>
  </datafield>
  <datafield tag="260" ind1=" " ind2=" ">
    <subfield code="a">Madrid : </subfield>
    <subfield code="b">Renacimiento, </subfield>
    <subfield code="c">1921 (</subfield>
    <subfield code="f">Imp. Cl&#xE1;sica Espa&#xF1;ola)</subfield>
  </datafield>
  <datafield tag="300" ind1=" " ind2=" ">
    <subfield code="a">78 p. ; </subfield>
    <subfield code="c">19 cm.</subfield>
  </datafield>
  <datafield tag="500" ind1=" " ind2=" ">
    <subfield code="a">S&#xF3;lo la letra.</subfield>
  </datafield>
  <datafield tag="594" ind1=" " ind2=" ">
    <subfield code="a">"Estrenada en el Teatro de la Reina Victoria el 25 de febrero de 1921"</subfield>
  </datafield>
  <datafield tag="700" ind1="1" ind2=" ">
    <subfield code="a">&#xC1;lvarez Quintero, Joaqu&#xED;n,</subfield>
    <subfield code="d">1873-1944</subfield>
    <subfield code="9">20922</subfield>
  </datafield>
  <datafield tag="700" ind1="1" ind2=" ">
    <subfield code="a">Luna, Pablo.</subfield>
    <subfield code="9">74763</subfield>
  </datafield>
  <datafield tag="852" ind1=" " ind2=" ">
    <subfield code="a">ES-MaACL</subfield>
    <subfield code="j">F-8657(2)   </subfield>
    <subfield code="z">- Enc. con otras obras</subfield>
  </datafield>
  <datafield tag="999" ind1=" " ind2=" ">
    <subfield code="c">19787</subfield>
    <subfield code="d">19787</subfield>
  </datafield>
  <datafield tag="952" ind1=" " ind2=" ">
    <subfield code="0">0</subfield>
    <subfield code="1">0</subfield>
    <subfield code="4">0</subfield>
    <subfield code="7">0</subfield>
    <subfield code="a">ATENEOM</subfield>
    <subfield code="b">ATENEOM</subfield>
    <subfield code="c">SPP2</subfield>
    <subfield code="d">2008-01-17</subfield>
    <subfield code="e">SC</subfield>
    <subfield code="l">0</subfield>
    <subfield code="o">F-8657(2)</subfield>
    <subfield code="p">1020265</subfield>
    <subfield code="r">2023-02-23 00:00:00</subfield>
    <subfield code="w">2023-02-23</subfield>
    <subfield code="y">MONOGRAFIA</subfield>
  </datafield>
</record>
